British Empire countries - Statistics

General Stats
  • This quiz has been taken 198 times
    172 since last reset
  • The average score is 47 of 66
Answers on the Map
Answers color-coded by a green-red scale on the quiz's map according to % correct below.
 
Answer Stats
Answer % Correct
Canada
95%
India
93%
Australia
90%
United Kingdom
90%
New Zealand
88%
South Africa
87%
Ireland
86%
Bangladesh
82%
Pakistan
81%
Egypt
80%
Kenya
80%
Sudan
79%
Malaysia
77%
South Sudan
77%
Fiji
76%
Jordan
76%
Lesotho
76%
United Arab Emirates
76%
Bhutan
75%
Botswana
75%
Myanmar
75%
Nigeria
75%
Papua New Guinea
75%
Zambia
75%
Eswatini
74%
Namibia
74%
Tanzania
74%
Uganda
74%
Yemen
74%
Zimbabwe
74%
Guyana
73%
Iraq
73%
Nepal
73%
Israel
71%
Oman
71%
Bahamas
70%
Maldives
70%
Malta
70%
Sri Lanka
70%
Tonga
70%
Qatar
69%
Solomon Islands
68%
Belize
67%
Cyprus
67%
Ghana
67%
Jamaica
67%
Singapore
67%
Antigua and Barbuda
65%
Barbados
65%
Kuwait
65%
Malawi
65%
Kiribati
64%
Nauru
64%
Saint Kitts
64%
Tuvalu
64%
Seychelles
63%
Trinidad and Tobago
63%
Bahrain
61%
Gambia
61%
Saint Vincent
61%
Saint Lucia
60%
Mauritius
58%
Sierra Leone
58%
Grenada
57%
Dominica
55%
Brunei
54%
No matching quizzes found
Score Distribution
Percent of People with Each Score
Percentile by Number Answered
Your Score History
You have not taken this quiz since the last reset